Steden die beginnen met een P op een kaart - Statistieken

Algemene statistieken
  • Deze quiz is 44 keer genomen
  • De gemiddelde score is 15 van 30
Antwoorden op de kaart
Antwoorden kleurgecodeerd door een groen-rode schaal op de quizkaart volgens % correct hieronder.
 
Antwoordstatistieken
stad % Correct
Parijs
96%
Palermo
91%
Perth
83%
Pretoria
83%
Priština
83%
Pyongyang
83%
Panama-Stad
78%
Praag
74%
Phnom Penh
70%
Port-au-Prince
70%
Portsmouth
65%
Pamplona
61%
Port Moresby
61%
Philadelphia
57%
Portland
57%
Port of Spain
57%
Phoenix
48%
Porto Alegre
43%
Porto Novo
43%
Phuket
39%
Padua
35%
Plovdiv
30%
Pittsburgh
22%
Puebla
22%
Providence
17%
Pune
17%
Palembang
4%
Patna
4%
Pondicherry
4%
Port Harcourt
4%
Geen overeenkomende quizzen gevonden
Scoreverdeling
Procent van Mensen met Elke Score
Percentiel versus Aantal Correcte Antwoorden
Uw Scoregeschiedenis
U heeft deze quiz nog niet genomen